Statistics for Top 100 Most Populous Cities in U.S.A.

Click here to take the quiz!

General Stats

  • This quiz has been taken 471 times
  • The average score is 55 of 100

Answer Stats

City% Correct
New York City
99%
Los Angeles
98%
Chicago
95%
Houston
93%
Dallas
91%
Miami
91%
Philadelphia
91%
Boston
89%
San Francisco
89%
Seattle
89%
Atlanta
87%
San Diego
87%
Denver
86%
Detroit
85%
Washington DC
84%
Las Vegas
83%
New Orleans
83%
Portland
81%
San Antonio
81%
Austin
80%
Sacramento
80%
Indianapolis
79%
Jacksonville
79%
Minneapolis
79%
Orlando
79%
Kansas City
78%
Charlotte
77%
Nashville
77%
Oklahoma City
76%
Tampa
76%
Cleveland
75%
Baltimore
74%
Columbus
73%
Memphis
73%
San Jose
73%
Milwaukee
70%
Pittsburgh
70%
Cincinnati
68%
St. Louis
68%
Buffalo
67%
Albuquerque
65%
Raleigh
65%
El Paso
63%
Fort Worth
62%
Louisville
62%
Oakland
59%
Richmond
59%
Tucson
59%
Honolulu
58%
Boise
57%
Baton Rouge
56%
Saint Paul
56%
Omaha
55%
Fresno
52%
Newark
52%
Tulsa
52%
Virginia Beach
52%
Colorado Springs
50%
Madison
49%
Winston-Salem
48%
Anchorage
47%
Reno
47%
Des Moines
46%
Wichita
45%
Lincoln
44%
Pheonix
43%
Long Beach
42%
Anaheim
41%
Jersey City
39%
Mesa
39%
Toledo
38%
Arlington
34%
Corpus Christi
34%
Bakersfield
33%
Durham
33%
Riverside
33%
St. Petersburg
33%
Greensboro
32%
Lexington
32%
Norfolk
29%
Fort Wayne
27%
Santa Ana
26%
Scottsdale
26%
Plano
24%
Aurora
23%
Stockton
23%
North Las Vegas
22%
Lubbock
21%
Laredo
20%
Glendale
19%
Henderson
19%
Irvine
19%
Chesapeake
18%
Chandler
17%
Gilbert
16%
Irving
16%
Chula Vista
15%
Hialeah
15%
Fremont
13%
Garland
11%

Score Distribution

Percentile by Number Answered

Percent of People with Each Score

Your Score History

You have not taken this quiz